Le quiz le plus facile au monde n°2 - Statistiques

Statistiques générales
  • Ce quiz a été pris 2 285 fois
    2 254 depuis la dernière actualisation
  • Le résultat moyen est 18 sur 20
Statistiques - réponses
Questions Indices Réponses % Correct
Le Québec est au Québec ? Vrai au faux Vrai
98%
L'équipe des Canadiens de Montréal est dans la ville de Toronto ? Vrai ou faux Faux
94%
La Virginie est vierge ? Vrai ou faux Faux
94%
Est-ce-que l'état américain du Washington est un état américain ? Bien sûr ! Oui
94%
Comment s'appelle l'ourson du film «Ted» ? C'est facile Ted
94%
Combien y-a-t'il eu de guerres mondiales ? À mon avis, deux. 2
92%
Quel est le pays principal de l'URSS ? C'est le plus gros pays. Russie
91%
Quel est ce pays ? Population: 35,85 millions en 2015 (Canada) Canada
90%
Comment s'appelle la souris de Disney ? ... Mouse Mickey Mouse
90%
Quel est l'emblême de Jetpunk ? Ça fait des bulles et ça vit dans l'eau. Poisson
90%
Comment s'appelle la province la plus francophone du Canada ? C'est Québec !!! Québec
90%
Quelle est la compagnie qui a crée Sonic ? C'est SEGA ! SEGA
89%
Écrivez l'acronyme des États-Unis. USA USA
89%
Où habite le pape ? En Italie, au Vatican. Vatican
89%
Qui est le «messie» du christianisme ? C'est Jésus-Christ. Jésus
88%
Quelle fête a lieu le 31 Octobre ? Avec des citrouilles, des chauves-souris et des sorcières. Halloween
87%
Question piège: Tokyo est une ville ou capitale ? Ville, capitale ou les deux. Les deux
85%
Quel est le nom du jeu vidéo avec des blocs ? Mine... quelque chose ? Minecraft
83%
Comment s'appelle le site d'Internet ? Je crois que la réponse est là. Internet
78%
Quel est le nom du premier ministre russe ? Plat nationnal du Québec Poutine
77%
Aucun quiz correspondant
Distribution des résultats
% des personnes avec chaque résultat
Percentile par nombre de réponses
Votre historique - résultats
Vous n’avez pas pris ce quiz depuis la dernière actualisation